00700nam a22001937a 4500003000900000008004100009040007100050082002000121245007200141260005200213300004400265440003400309505006300343650002400406650001500430650001300445700002200458700002600480AR-CdUCM190425b ||||| |||| 00| 0 spa d aMUNICIPALIDAD PROVINCIAL DEL CUSCOcBIBLIOTECA MUNICIPAL DEL CUSCO aSur/N°215/1992 aSur :bsemanario regional surandino /cGuido Delran Cousy, Director aCusco.bCentro Bartolomé de las Casas,c1992. a8 páginas. :bilustraciones ;c29 cm. aSur.nAño XIV, N°215,1992. aContenido: Semana poco Santa. -- El Cusco en fotofest. ... aSociedad cusqueña aPolítica aSiglo XX aBenavente, Adelma aNieto Degregori, Luis